| 000 | 00734cam a2200229u 4500 | ||
|---|---|---|---|
| 001 | 6135 | ||
| 003 | BD-RjUL | ||
| 005 | 20211208234206.0 | ||
| 008 | 090114m19291912enk 000 0 eng | ||
| 035 | _a(BD-RjUL) | ||
| 040 |
_aDLC _cCarP _dDLC _beng |
||
| 041 | _aeng | ||
| 082 |
_220 _a291.1785 _bHUM 1929 |
||
| 100 | 1 |
_aHutchinson, W. M. L. _q(Winifred Margaret Lambart), _d1868- _919303 |
|
| 245 | 1 | 4 |
_aThe muses' pageant / _bmyths & legends of ancient Greece, |
| 260 |
_aLondon & Toronto, _bJ. M. Dent & sons, ltd.; _aNew York, _bE. P. Dutton & co. _c[1912 [Reprinted 1929] |
||
| 300 |
_a2 v. 221p.: _c18 cm. |
||
| 650 | 0 |
_aMythology, Greek. _919304 |
|
| 942 |
_2ddc _cBK |
||
| 999 |
_c6135 _d6135 |
||